<?xml version="1.0" encoding="UTF-8"?>
<record
    xmlns:xsi="http://www.w3.org/2001/XMLSchema-instance"
    xsi:schemaLocation="http://www.loc.gov/MARC21/slim http://www.loc.gov/standards/marcxml/schema/MARC21slim.xsd"
    xmlns="http://www.loc.gov/MARC21/slim">

  <leader>00392nam a2200133Ia 4500</leader>
  <controlfield tag="008">231217s9999    xx            000 0 und d</controlfield>
  <datafield tag="041" ind1=" " ind2=" ">
    <subfield code="a">English</subfield>
  </datafield>
  <datafield tag="082" ind1=" " ind2=" ">
    <subfield code="a">158.1  CHO;1  R</subfield>
  </datafield>
  <datafield tag="100" ind1=" " ind2=" ">
    <subfield code="a">Chopra, Deepak</subfield>
  </datafield>
  <datafield tag="245" ind1=" " ind2="0">
    <subfield code="a">Ageless body, timeless mind : a practical alternative to growing old</subfield>
  </datafield>
  <datafield tag="260" ind1=" " ind2=" ">
    <subfield code="c">1993</subfield>
  </datafield>
  <datafield tag="650" ind1=" " ind2=" ">
    <subfield code="a">Ageless,body,,timeless,mind,:,alternative,growing,old</subfield>
  </datafield>
  <datafield tag="942" ind1=" " ind2=" ">
    <subfield code="c">AA</subfield>
  </datafield>
  <datafield tag="999" ind1=" " ind2=" ">
    <subfield code="c">174897</subfield>
    <subfield code="d">174897</subfield>
  </datafield>
  <datafield tag="952" ind1=" " ind2=" ">
    <subfield code="r">2025-09-25 00:00:00</subfield>
    <subfield code="l">1</subfield>
    <subfield code="o">158.1  CHO;1  R</subfield>
    <subfield code="p">34752</subfield>
    <subfield code="q">2025-10-09</subfield>
    <subfield code="s">2025-09-25</subfield>
    <subfield code="v">245.28</subfield>
    <subfield code="w">2024-01-26</subfield>
    <subfield code="y">AA</subfield>
    <subfield code="1">0</subfield>
    <subfield code="4">0</subfield>
    <subfield code="7">0</subfield>
    <subfield code="8">CL</subfield>
    <subfield code="0">0</subfield>
    <subfield code="a">ML</subfield>
    <subfield code="b">LRC</subfield>
    <subfield code="c">CL</subfield>
    <subfield code="d">2005-05-24</subfield>
    <subfield code="e">Sapna Book House</subfield>
    <subfield code="g">3.50</subfield>
    <subfield code="E">GEN</subfield>
    <subfield code="K">27805</subfield>
    <subfield code="L">11/04/2003</subfield>
    <subfield code="G">POUND</subfield>
    <subfield code="F">87.6</subfield>
    <subfield code="V">0.7</subfield>
    <subfield code="W">20</subfield>
  </datafield>
</record>
